Lịch triều hiến chương loại chí

Trình bày khái quát về tình hình địa lý và lịch sử địa lý của nước Việt Nam

Gardado en:
Detalles Bibliográficos
Autor Principal: Phan, Huy Chú
Formato: Libro
Idioma:Undetermined
Publicado: Thành phố Hồ Chí Minh Trẻ 2014
Những chủ đề:
Các nhãn: Engadir etiqueta
Sen Etiquetas, Sexa o primeiro en etiquetar este rexistro!
Thư viện lưu trữ: Trung tâm Học liệu Trường Đại học Cần Thơ
LEADER 00719nam a2200205Ia 4500
001 CTU_194312
008 210402s9999 xx 000 0 und d
020 |c 90000 
082 |a 959.7 
082 |b Ch500/T.1 
100 |a Phan, Huy Chú 
245 0 |a Lịch triều hiến chương loại chí 
245 0 |c Phan Huy Chú 
260 |a Thành phố Hồ Chí Minh 
260 |b Trẻ 
260 |c 2014 
520 |a Trình bày khái quát về tình hình địa lý và lịch sử địa lý của nước Việt Nam 
650 |a Vietnam,Vietnam,Việt nam 
650 |x history,Geographical history,Lịch sử 
980 |a Trung tâm Học liệu Trường Đại học Cần Thơ